000 00308nam a22001337a 4500
008 170609b xxu||||| |||| 00| 0 eng d
020 _a978111132940
041 _aeng
080 _a327
100 _a19
101 _aSHP
245 _aAMERICAN GOVERNMENT AND POLITICS TODAY
_cSCHMIDT,S.W
942 _2udc
_cBK
999 _c16662
_d16662